| 000 | 00745nam a22002057a 4500 | ||
|---|---|---|---|
| 005 | 20250328080506.0 | ||
| 008 | 250328b |||||||| |||| 00| 0 eng d | ||
| 020 | _a978148426913 | ||
| 040 | _cAIMIT LIBRARY | ||
| 082 |
_21 _a621.3821 _bSTEJ |
||
| 100 |
_aStevenson, James. _9207108 |
||
| 245 |
_aAndroid software internals quick reference : _ba field manual and security reference guide to java based android components / _cBy James Stevenson. |
||
| 250 | _a1 | ||
| 260 |
_aNew York : _bApress ; _c2021. |
||
| 300 |
_axi,165p. ; _bPB _c23 cm. |
||
| 650 |
_aAndroid unique identifiers _9207109 |
||
| 650 |
_aObfuscation and encryption _9207110 |
||
| 650 |
_aServices launchers and components _9207111 |
||
| 942 |
_2ddc _cBK _e1st ed. _k621.3821 STEJ |
||
| 999 |
_c234041 _d234041 |
||